000 01187cam a2200349ua 4500
001 4420332
003 ARRUPE
005 20150325163358.0
008 840123s1983 deu b 000 0 eng d
010 _a83081841
020 _a0894533401 (set)
020 _a0894533126 (set) (bpk.)
020 _a0894533509 (v. 10)
020 _a0894533215 (v. 10) (pbk.)
035 _a(OCoLC)10327380
035 _a(OCoLC)ocm10327380
035 _a(NNC)4420332
040 _a*IWT*
_c*IWT*
_dNNUT
_dCStRLIN
090 _aBR165
_b.S52 1983
100 1 _aSider, Robert D.
_q(Robert Dick)
_916494
245 1 4 _aThe Gospel & its proclamation /
_cby Robert D. Sider ; edited by Thomas Halton.
260 _aWilmington, Delaware :
_bM. Glazier,
_cc1983.
300 _a236 p. ;
_c22 cm.
490 1 _aMessage of the fathers of the church ;
_vv. 10
504 _aIncludes bibliographies.
650 0 _aPreaching
_xHistory
_xEarly church
_xSources
_916495
650 0 _aChristain education
_xHistory
_xEarly church
_xSources
_916496
650 0 _aApologetics
_xHistory
_xSources
_916497
830 0 _aMessage of the fathers of the church ;
_vv. 10.
_916498
942 _2lcc
_cMONOGRAPH
999 _c122482
_d122482